| 000 | nam a22 7a 4500 | ||
|---|---|---|---|
| 999 |
_c15810 _d15810 |
||
| 008 | 161104b xxu||||| |||| 00| 0 eng d | ||
| 020 | _a0871209993 | ||
| 050 | _aLB 2806.15 .G48 2004 | ||
| 100 | _aedited by Jacobs, Heidi Hayes | ||
| 245 |
_aGetting Results with Curriculum Mapping/ _cedited by Heidi Hayes Jacobs |
||
| 260 |
_aAlexandria, Virginia: _bASCD, _c2004 |
||
| 300 |
_aix, 181p. : _bill. ; _ccm |
||
| 500 | _aIncludes bibliographical references and index. | ||
| 650 |
_aTeacher participation in curriculum planning. _xUnited States. |
||
| 942 |
_2lcc _cBOOKS _hLB 2806.15 .G48 2004 |
||